| 000 | 00468nam a2200169 i 4500 | ||
|---|---|---|---|
| 001 | 25157 | ||
| 003 | ES-MaACL | ||
| 007 | t| | ||
| 008 | 021220s1985 sp ||||1| spa d | ||
| 020 | _a84-86153-84-0 | ||
| 100 | 1 |
_aArce, Carlos de. _922446 |
|
| 245 | 1 | 1 |
_a¿Quién es quien en la nobleza española? / _cCarlos de Arce. |
| 260 |
_a[Barcelona] : _bMitre, _c[1985] |
||
| 300 |
_a309 p. ; _c22 cm. |
||
| 504 | _aBibliografía. | ||
| 852 |
_aES-MaACL _jL-8834 _bR.109045 |
||
| 999 |
_c25157 _d25157 |
||